000 00783nam a2200253Ia 4500
003 OSt
005 20220918165027.0
006 a|||||r|||| 00| 0
007 ta
008 220917b |||||||| |||| 00| 0 eng d
020 _a0852557698 (hbk)
024 _a191,577
037 _cTextual
040 _aARTS
_cARTS
_beng
041 _2eng
_aeng
082 _aX8(F118)v657.M, N8
100 _aDumett Raymond E.
_922217
245 0 _aEl dorado in West Africa
_b the gold mining frontier, African labnor and colonial capitalism in the gold coast, 1875-1900
260 _aAthens
_bOhio University Press
_c1998
300 _axviii;396p.
_ccm.
650 _aECONOMICS
942 _hX8(F118)v657.M, N8
_cTEXL
_2CC
999 _c127891
_d127891